000 00303nam a22001337a 4500
008 181022b xxu||||| |||| 00| 0 eng d
020 _a9780781775250
041 _aeng
080 _26 ed
_a611
100 _a6
101 _aANA
245 _aClinically Orinted Anatomy
_cMoore.k.l
942 _2udc
_cBK
999 _c50392
_d50392